[Event "ISR-chT"]
[Site "Israel"]
[Date "2018.01.06"]
[Round "2"]
[White "Ivanchuk, Vassily"]
[Black "Roiz, Michael"]
[Result "1-0"]
[WhiteElo "2726"]
[BlackElo "2614"]
[Annotator "Roiz,M"]
[PlyCount "55"]
[EventDate "2018.01.05"]
[EventType "team-tourn"]
[EventRounds "11"]
[EventCountry "ISR"]
[SourceTitle "CBM 184"]
[Source "ChessBase"]
[SourceDate "2018.05.16"]
[SourceVersion "1"]
[SourceVersionDate "2018.05.16"]
[SourceQuality "1"]

1. d4 Nf6 2. c4 e6 3. Nf3 d5 4. g3 {Predicting the opening choice of Ivanchuk
is always a tough task.} Bb4+ 5. Bd2 Bd6 6. Bg2 c6 7. O-O Nbd7 8. Qb3 O-O 9.
Rd1 $5 $146 {Vassily comes up with an interesting novelty.} ({In the event of
the usual} 9. Nc3 {White's position seems more flexible, and Black should
reckon with a potential e2-e4 advance:} Qe7 (9... h6 10. Rad1 Rb8 11. a3 Re8
12. Rfe1 $14 {Meier,G - Ju Wenjun Saint Louis USA 2017}) 10. e4 dxc4 11. Qxc4
e5 12. h3 Rd8 13. Be3 Nb6 14. Qe2 $14 {Jumabayev,R - Eljanov,P Baku AZE 2015})
9... Qe7 10. Nc3 h6 {This prophylactic move makes it difficult for White to
push e2-e4, since the g5-spot isn't vacant for the knight now.} 11. Rac1 (11.
Bf4 $5 {deserved some attention:} Bxf4 12. gxf4 b6 13. Ne5 Bb7 14. Rac1 $14 {
maintaining the tension. White's position looks somewhat better, but Black is
very solid.}) 11... dxc4 12. Qxc4 e5 13. Qb3 {A usual approach - the queen is
heading for c2, from where it would support the thematic e2-e4 advance.} (13.
e4 Nb6 14. Qf1 Bg4 $132) 13... Rd8 ({As Vassily told me after the game} 13...
Re8 $5 {intending to push e5-e4 was a better move. For instance} 14. Be1 e4 (
14... exd4 {is worse:} 15. Nxd4 Nc5 16. Qc2 $14) 15. Nd2 e3 16. fxe3 Qxe3+ 17.
Bf2 Qe7 18. h3 Nb6 19. e4 Be6 20. Qc2 Nh7 {with very tense play.}) 14. Qc2 exd4
15. Nxd4 Nb6 ({In the event of} 15... Ne5 16. Nf5 Bxf5 17. Qxf5 Bc5 18. Be1 {
White would obtain a small, but long-lasting advantage due to his bishop pair.}
) 16. Be1 ({At this moment we both missed, that} 16. Nf5 $5 Bxf5 17. Qxf5 Nc4 (
{Possibly, I would have opted for something like} 17... Rd7 {but then Black is
doomed to a passive defence.}) {runs into} 18. Bxh6 $1 gxh6 ({Hardly better is
} 18... Nxb2 19. Ne4 $1 Nxe4 ({but} 19... Nxd1 $2 {is even worse:} 20. Bxg7 $1
Kxg7 21. Qg5+ Kf8 22. Qh6+ Ke8 23. Nxf6+ $18) 20. Bxe4 g6 21. Qg4 $36) 19. Ne4
Be5 20. Nxf6+ Bxf6 21. Qg4+ Bg7 22. Qxc4 Bxb2 23. Rb1 $36 {The resulting
position with an unbalanced pawn structure seems dangerous for Black.}) 16...
Be5 17. Nf5 {We both were considering this move as the only adequate option.} (
17. Nf3 $5 Bc7 18. Rxd8+ Qxd8 19. Rd1 Qe7 20. Nd4 $14) 17... Bxf5 18. Qxf5 Bxc3
$1 19. Bxc3 Qxe2 {This decision isn't bad, but it makes the play much sharper.}
({My first intention was to exchange one of White's bishops by means of} 19...
Nbd5 20. Qe5 Re8 $1 {Indeed, it was a convincing way of equalising:} 21. Qxe7
Rxe7 22. e3 Nxc3 23. Rxc3 Kf8 $11) 20. Rxd8+ Rxd8 21. Bxf6 gxf6 22. Qxf6 Rd1+ {
Alas, I made this move without thinking. Apparently, exchanging the rooks
would secure Black's king, but actually it's getting more vulnerable!} ({
As was pointed out by Vassily, it makes sense to keep the active rook on the
board:} 22... Rd2 $1 23. Bf1 Qe6 24. Qc3 Qd7 25. Re1 Qd4 26. Qxd4 Rxd4 27. Re8+
Kg7 28. Rb8 Rd7 $11) 23. Rxd1 Qxd1+ 24. Bf1 Qd2 $2 {At this moment I had about
10 minutes left on my clock.} ({Unfortunately, I failed to calculate the
following line precisely:} 24... Nc4 $1 25. Qxh6 Nd2 26. Qg5+ Kh7 27. Qf5+ Kg8
28. Qd3 Qc1 $1 29. b3 (29. Kg2 Nxf1 30. Qxf1 Qxb2 $11) 29... Nxf1 30. Qxf1 Qb2
$11 {Black would be able to regain the pawn, so the position seems about equal.
}) 25. Qe5 $1 {It turns out, that now Black's position is very difficult - the
knight isn't in time to reach the stable d5-spot.} Qd8 {A sad necessity -
there was no other way of protecting the queenside pawns.} 26. Qa5 $1 Qb8 (
26... a6 {is hopeless:} 27. Qb4 Qc7 28. Qg4+ Kf8 29. Qd4 Kg8 30. Qf6 $18) 27.
Bg2 Nd7 $2 {Alas, at the end I've committed a blunder.} ({Of course, I should
have played} 27... Kg7 28. Qc3+ Kg8 29. Qf6 Qf8 $16 {and White still has to
find a constructive plan.}) 28. Qd2 {The h6-pawn is gone, so the resignation
comes in time.} 1-0

[Event "EU-ch 17th"]
[Site "Gjakova"]
[Date "2016.05.22"]
[Round "10"]
[White "Donchenko, Alexander"]
[Black "Bartel, Mateusz"]
[Result "1-0"]
[WhiteElo "2569"]
[BlackElo "2653"]
[Annotator "Sadorra,J"]
[PlyCount "71"]
[EventDate "2016.05.12"]
[EventType "swiss"]
[EventRounds "11"]
[EventCountry "KOS"]
[SourceTitle "CBM 173"]
[Source "ChessBase"]
[SourceDate "2016.07.12"]
[SourceVersion "1"]
[SourceVersionDate "2016.07.12"]
[SourceQuality "1"]

1. d4 Nf6 2. c4 e6 3. g3 d5 4. Bg2 Bb4+ 5. Bd2 Bd6 6. Nc3 $5 {An interesting
move order which limits Black's options.} dxc4 7. Qa4+ Nc6 $6 $146 (7... Nbd7
$142 8. Qxc4 (8. Nf3 O-O 9. Qxc4 e5 10. O-O Qe7 11. Qb3 c6 12. Rad1 Re8 $11 {
1/2-1/2 (45) Cheparinov,I (2690)-Moiseenko,A (2710) Kocaeli TUR 2015}) 8... O-O
9. Nb5 (9. Nf3 e5 10. O-O Qe7 {transposes to the 8.Nf3 line earlier}) 9... e5
10. Nxd6 cxd6 11. dxe5 (11. Nf3 $6 Nb6 12. Qc2 e4 13. Ng5 d5 $15) 11... Nxe5 $1
{Black is already fine and even has a little bit of initiative.} 12. Qd4 Re8
13. Nf3 Nc6 (13... Bh3 $146 14. O-O Bxg2 15. Kxg2 Nc6 16. Qd3 Qe7 17. e3 (17.
Rfe1 $1 h6 18. Rad1 Qe6 19. a3 Rad8 $11) 17... Ne5 $1 18. Qe2 Nxf3 19. Qxf3 Ne4
20. Rfd1 Rac8 $15) 14. Qd3 Qe7 15. O-O Qxe2 16. Qxd6 {1/2-1/2 (16) Gonda,L 
(2546)-Babula,V (2559) Hungary HUN 2015}) 8. Bxc6+ bxc6 9. Qxc6+ Bd7 10. Qxc4
Qb8 11. b3 $1 {Safe and solid.} (11. Nf3 $6 Qxb2 12. O-O Qc2 $1 (12... Qb4 13.
Qd3 $14) 13. Rfc1 Qf5 14. Ne5 Bxe5 15. dxe5 Qxe5 16. Bf4 Qh5 $132 (16... Qf5))
11... Qb7 12. Nf3 Bc6 13. O-O Bxf3 (13... O-O 14. Ne5 Bxe5 15. dxe5 Nd7 16. Qf4
$16 (16. Bf4 $16)) 14. exf3 Qxf3 (14... O-O 15. Kg2 {and Black still has to
prove he has enough compensation for the pawn, but it's a better option than
what happened in the game.}) 15. d5 $1 {Opens up the centre when the enemy
king is still uncastled! Of course Bartel knows this but sometimes it's tough
not to take material especially when there's no clear refutation of doing so.}
O-O ({An important possibility to check is closing the centre with} 15... e5
16. Qc6+ Ke7 17. Rae1 Rhe8 {and now--} 18. Rxe5+ $1 {it's possible that Black
missed this tactical detail in his initial analysis, and probably only decided
to give up the e6-pawn after seeing this idea. Whether this is the case or not,
it's already too late to avoid a bad situation for Black.} Bxe5 $4 19. d6+ $18
{nets the queen.}) 16. dxe6 fxe6 17. Rae1 $1 {Involving another piece in the
offensive. The pawn isn't going anywhere!} Kh8 18. Rxe6 $16 {With a pawn up
and better pawn structure, White's advantage is clear.} Qh5 19. h4 {Safe and
sound.} (19. f3 {is another possible defence, but it usually feels unpleasant
to weaken the king this way as it may give rise to tactical ideas related to
the a7-g1 diagonal.}) 19... Ng4 20. Qe2 $1 {Preventing Black's idea of Ng4-e5
while also bringing a piece closer to the king.} (20. Qe4 Ne5) 20... Qf5 21.
Qe4 Qh5 22. Nd5 $1 {[%csl Gc3,Gd5][%cal Gd2c3,Gc3h8] Centralising a piece and
allowing the bishop to come to c3.} Ne5 23. Bc3 Nf3+ 24. Kg2 Rab8 25. Rh1 $1 {
Bringing the last piece into the action. It's nice prophylactic move -
preventing sacs on h4 and threatening Rxd6!} (25. Rxd6 $2 cxd6 26. Nf4 Nxh4+ $1
27. gxh4 Qg4+ $19) 25... Qf7 {Black can only sit, shuffle and wait for White's
pieces to come...} 26. Nf6 $1 $18 ({Another way to win is} 26. Nf4 $1 Bxf4 27.
gxf4 Qxf4 28. Bxg7+ $1 Kxg7 (28... Kg8 29. Bxf8 $18) 29. Re7+ Rf7 30. Qxf4)
26... gxf6 27. Kxf3 Be5 28. Rc6 {And the rest is a nice display of great
technique by the young and promising German grandmaster.} Rbe8 29. Qc4 Qd7 30.
Kg2 Bd6 31. Rd1 Qe7 32. Ra6 Rg8 33. Re1 Qg7 34. Rxe8 Rxe8 35. Rxa7 Qg6 36. Ra5
1-0

[Event "RUS-Cup6"]
[Site "Krasnodar"]
[Date "1997.??.??"]
[Round "9"]
[White "Tsamriuk, Alexander"]
[Black "Burmakin, Vladimir"]
[Result "0-1"]
[WhiteElo "2375"]
[BlackElo "2530"]
[Annotator "Tsesarsky,I"]
[PlyCount "52"]
[EventDate "1997.03.11"]
[EventType "swiss"]
[EventRounds "9"]
[EventCountry "RUS"]
[SourceTitle "EXT 2000"]
[Source "ChessBase"]
[SourceDate "1999.11.16"]
[SourceVersion "1"]
[SourceVersionDate "1999.11.16"]
[SourceQuality "1"]

1. d4 d5 2. Nf3 c6 3. c4 e6 4. Qb3 Nf6 5. g3 Nbd7 6. Bg2 Bd6 (6... Qb6 7. O-O
Ne4 8. Nbd2 f5 9. e3 Be7 10. Ne1 O-O 11. Nd3 Ndf6 12. f3 Nxd2 13. Bxd2 Bd7 14.
Bc3 {Truta,S-Kerma,S/SLO-chT sf 1996/1-0 (56)} (14. Bb4 $14)) (6... Be7 7. O-O
Ne4 8. Nc3 f5 9. Ne1 Nd6 10. cxd5 exd5 11. Nd3 {1/2-1/2 Davies,N-Bronstein,D/
Gausdal Int 1994}) 7. O-O (7. Bf4 Bxf4 8. gxf4 O-O 9. Nbd2 (9. e3 $5) 9... c5
10. O-O b6 11. Ne5 $2 (11. e3 $10 {Smyslov,V}) 11... cxd4 12. cxd5 Nc5 13. Qb4
exd5 $1 14. Qxd4 Ne6 15. Qe3 (15. Qa4 b5 $1 16. Qxb5 Nxf4) 15... Bb7 16. Nb3 d4
$1 17. Nxd4 Bxg2 18. Nxe6 fxe6 19. Kxg2 Nd5 20. Qf3 Nxf4+ 21. Kh1 Qd4 $17 {
-/+ Alburt,L-Smyslov,V/New York (open) 1987}) 7... O-O 8. Nc3 (8. Bf4 dxc4 9.
Qxc4 Nb6 10. Qc2 Bxf4 11. gxf4 Nbd5 12. e3 Bd7 13. Ne5 Rc8 14. Rc1 b6 15. Qd2
c5 16. dxc5 bxc5 17. Na3 $14 {1-0 Tratar,M-Zugaj,F/SLO-chJ 1993 (41)}) 8...
dxc4 (8... b6 9. Nd2 Bb7 10. e4 dxe4 11. Ndxe4 Nxe4 12. Nxe4 Be7 13. Rd1 $14 {
Jirovsky Milos-Golda Harald/Bayern Regionalliga 1995/1/2-1/2 (58)}) (8... Re8
9. Rd1 Qe7 10. Bf4 (10. Nh4 Nf8 11. Bg5 h6 12. Bxf6 Qxf6 13. e4 dxc4 14. Qxc4
e5 15. d5 c5 16. Nb5 Bd7 17. Nxd6 Qxd6 18. Rac1 $14 {Chloupek,S-Koper,S/CZE
Tschechien-ch 1993/1-0 (60)}) 10... a5 11. Bxd6 Qxd6 12. Nd2 Qb4 13. Qc2 b6 14.
e4 dxc4 15. a3 Qe7 16. e5 Nd5 17. Nxc4 $14 {Chloupek,S-Trichkov,V/Mlada
Boleslav op 1995/1-0 (48)}) 9. Qxc4 e5 10. Rd1 $5 $146 (10. Bg5 $142 Nb6 11.
Qd3 exd4 12. Bxf6 (12. Qxd4 $14) 12... Qxf6 13. Ne4 Qe7 14. Nxd6 Qxd6 15. Qxd4
Rd8 16. Rfd1 Qxd4 17. Nxd4 $14 {Milovanovic,R-Blagojevic,D/Tuzla 1990/0-1 (60)}
) 10... Qe7 11. a4 $6 (11. Bg5 $1 exd4 (11... Nb6 12. Qd3 exd4 13. Qxd4 $16) (
11... e4 12. Nd2 Nb6 13. Qb3 Be6 14. Qc2 e3 15. Bxe3 Ng4 16. Nf1 $16) 12. Qxd4
Bc5 13. Qf4 h6 14. Bh4 Re8 (14... g5 $4 15. Nxg5 hxg5 16. Qxg5+ Kh7 17. Be4+ $1
Kh8 (17... Nxe4 18. Qh5+ Kg7 19. Bxe7 $18) 18. Rxd7 $1 $18) 15. Rac1 (15. Rd2
$13) 15... Bb4 16. Nd4 g5 17. Bxg5 hxg5 18. Qxg5+ Kh8 19. Bxc6 $1 Nh7 20. Qxe7
Rxe7 21. Nd5 bxc6 22. Nxb4 c5 23. Nd5 Re4 24. Nc6 Nhf6 25. Nxf6 (25. Nc7 Bb7
26. Nxa8 Bxc6 27. Nc7 Rxe2 28. b4 Ba4 29. Re1 Rxe1+ 30. Rxe1 cxb4 $15) 25...
Nxf6 26. e3 Be6 27. Rxc5 Bxa2 28. Ra5 Bb3 29. Rd6 Re6 30. Rxe6 Bxe6 31. Rxa7
Rc8 (31... Rxa7 32. Nxa7 $16) 32. Nd4 Rc1+ 33. Kg2 Bd5+ 34. f3 Rb1 35. b3 Kg7
36. Ra3 Rb2+ 37. Kh3 $14) 11... e4 $15 12. Ng5 (12. Ne5 Bxe5 13. dxe5 Nxe5 14.
Qd4 Bf5 15. Bf4 Rfe8 16. b4 $15) 12... Nb6 13. Qb3 (13. Qa2 Bf5 14. a5 (14. b3
Bb4 $15) 14... Nbd5 $15) 13... Bf5 14. Qc2 (14. a5 Nbd5 15. Nxd5 Nxd5 $15)
14... Rfe8 15. f3 $2 (15. a5 Nbd5 $15) 15... exf3 $17 16. Qxf5 fxg2 17. Nce4 $6
(17. e4 h6 18. Nxf7 Qxf7 19. e5 Be7 20. exf6 Bxf6 21. Kxg2 Rad8 $17) (17. Kxg2
h6 18. Nf3 Nbd5 $17) 17... Nbd7 (17... Nbd5 18. Nxd6 (18. Nxf6+ Nxf6 19. e4 h6
$19 {This game} (19... Rad8 $5 $17)) 18... Qxd6 19. e4 Nb4 20. e5 Qd7 21. Qxd7
Nxd7 22. Kxg2 f6 $17) 18. Nxf6+ $2 (18. Nxd6 Qxd6 19. e3 h6 20. Nf3 Nd5 $17)
18... Nxf6 $19 19. e4 $8 h6 $1 (19... Rad8 $5 $19) 20. e5 hxg5 (20... Bxe5 21.
dxe5 Qc5+ 22. Qf2 Qxf2+ 23. Kxf2 Ng4+ 24. Kxg2 hxg5 25. h3 Nxe5 26. Bxg5 $17)
21. Bxg5 $8 Bxe5 $1 22. Qxe5 (22. dxe5 Qc5+ 23. Kxg2 Rxe5 $19) 22... Qd7 $1 23.
Qf4 Ne4 24. Qh4 (24. d5 cxd5 25. Bh4 f6 $19) (24. Bh4 Qd5 $19) 24... Qd5 25.
Bc1 Nf6 26. Ra3 Re2 (26... Re4 $19) 0-1

[Event "USA-ch"]
[Site "Seattle"]
[Date "2002.01.10"]
[Round "6"]
[White "Ivanov, Igor Vasilievich"]
[Black "Ariel, Donny"]
[Result "1-0"]
[WhiteElo "2470"]
[BlackElo "2367"]
[Annotator "Tsesarsky,I"]
[PlyCount "127"]
[EventDate "2002.01.05"]
[EventType "swiss"]
[EventRounds "9"]
[EventCountry "USA"]
[SourceTitle "CBM 087"]
[Source "ChessBase"]
[SourceDate "2002.03.21"]
[SourceVersion "1"]
[SourceVersionDate "2002.03.21"]
[SourceQuality "1"]

1. c4 e6 2. Nf3 d5 3. d4 c6 4. Qc2 Nf6 5. g3 Nbd7 6. Bg2 Bd6 7. O-O O-O 8. Rd1
Qe7 9. Nc3 (9. Nh4 Re8 10. Nd2 Nf8 11. e4 dxe4 12. c5 Bc7 13. Nxe4 Nxe4 14.
Bxe4 h6 15. f4 Nd7 16. Nf3 Nf6 17. Bd3 b6 18. Ne5 $14 {1-0 Kiseleva,N-Nill,J/
Buehlertal 2000/CBM 75 ext (41). (40)}) (9. b3 e5 (9... Re8 10. Nc3 h6 11. Bb2
dxc4 12. bxc4 e5 13. e3 a6 14. a4 (14. c5 $14) 14... c5 15. dxe5 Nxe5 16. Nxe5
Bxe5 17. Nd5 Nxd5 18. Bxd5 $14 {0-1 Zendilovska,K-Zarkovic,D/Herceg Novi YUG
2001/The Week in Chess 344 (40)}) 10. cxd5 Nxd5 11. e4 Nb4 12. Qe2 exd4 13.
Nxd4 Be5 14. Bb2 c5 15. Nf5 Qf6 16. Bxe5 Nxe5 17. Nc3 Bxf5 18. exf5 Nec6 (18...
Qxf5 19. Bxb7 Rae8 $11) 19. Ne4 Qxf5 20. Qc4 b6 (20... Nd4 $2 21. Rxd4 cxd4 22.
Qxb4 $16 {1-0 Stohl,I-Hernando Rodrigo,J/Lisbon POR 2001/The Week in Chess 356
(31)}) 21. a3 Na5 22. Qc3 Nbc6 23. b4 Nd4 $15) 9... dxc4 (9... Rd8 10. e4 (10.
b3 b6 11. a4 a5 12. Bg5 h6 13. Bxf6 Nxf6 14. e4 Nxe4 15. Nxe4 dxe4 16. Qxe4 Bb7
17. Ne5 Rac8 18. Rac1 Rc7 19. c5 bxc5 20. dxc5 Bxe5 21. Qxe5 Rcd7 22. Rd6 Rxd6
23. cxd6 Qxd6 24. Qxa5 $14 {1-0 Ilincic,Z-Lajthajm,B/Vrsac 2000/EXT 2001 (40)})
10... Nxe4 11. Nxe4 dxe4 12. Qxe4 c5 {-see commented game 1-0 Tkachiev,
V-Hoffman,A/Las Vegas 1999/CBM 72[Tsesarsky,I] (25)}) 10. Bg5 (10. Nd2 Nb6 11.
Nde4 Nxe4 12. Nxe4 Bc7 13. a4 {Worth of attention} a5 $5 (13... e5 14. a5 Nd5
15. Qxc4 exd4 16. Rxd4 Be5 $11 {1-0 Lopez Martinez,J-Valero Fernandez,M/
Mondariz Balneario 2000/EXT 2001 (28)}) 14. Be3 (14. Nd2 $6 Qb4) 14... f5 15.
Bg5 Qf7 16. Nd2 f4 (16... e5 17. dxe5 Bxe5 18. Be3 Bc7 19. Bxb6 Bxb6 20. Nxc4
Bc7 21. e3 $11) 17. Nxc4 fxg3 18. fxg3 Nxc4 19. Qxc4 e5 $11) 10... h6 11. Bxf6
Nxf6 12. Nd2 e5 {Black comletes his development and equalizes position - like
in most of games played with this variation...} 13. d5 $5 {White tries to
complicate position.} ({Equality after} 13. dxe5 Bxe5 14. Nxc4 Bc7 15. Rd4 Be6
16. Rad1 Rad8 $11) 13... Bc5 14. Nde4 ({Badly is} 14. dxc6 $2 {in view of} {
[%tqu "En","?","","","c5f2","",10]} Bxf2+ $1 15. Kxf2 Ng4+ 16. Ke1 Qc5 17. Nxc4
(17. Nde4 Qg1+ 18. Kd2 (18. Bf1 Ne3 $19) 18... Qxg2 $19) 17... Qf2+ 18. Kd2
Qxg2 $17) 14... Nxd5 $2 $16 {Missing next strong impact:} ({Right was} 14...
Bf5 15. dxc6 bxc6 16. e3 (16. Qa4 Bxe4 17. Nxe4 Nxe4 18. Bxe4 Rab8 19. Qxc4
Rxb2 20. Rab1 (20. Bxc6 Rc8 $17 {[%csl Rc6,Rf2][%cal Gc8c4]}) 20... Rfb8 21.
Rxb2 Rxb2 22. Bxc6 $11)) 15. Rxd5 $1 cxd5 16. Nxd5 {[%csl Rc5,Re7]} Bxf2+ 17.
Kxf2 (17. Nxf2 $16) 17... Qd8 18. Rd1 Qa5 19. Qxc4 Be6 20. b4 ({Or} 20. Nd6
Rab8 (20... Bxd5 $2 21. Bxd5 Qb6+ 22. Kg2 Rad8 23. Nxb7 $18) 21. Qc3 Qxc3 22.
bxc3 $16) 20... Qa3 21. Nc5 a5 22. Ne7+ Kh8 23. Nxe6 fxe6+ 24. Bf3 Rf6 25. Rd7
({White gets winning position after} 25. Qe4 {[%csl Rh8][%cal Ge7g6]} Qxb4 26.
Ng6+ Kh7 (26... Kg8 27. Kg2 Qxe4 28. Bxe4 $18) 27. Nf8+ Kg8 28. Qh7+ Kf7 29.
Nd7 {[%csl Re5,Rf6]} Rf5 30. g4 $18) 25... Qxb4 26. Qxb4 axb4 27. Kg2 $6 (27.
Ke3 $142 Rxa2 28. Rxb7 Rb2 29. Nc6 {[%csl Rb4,Re5]} b3 30. Nxe5 $18 {[%csl Rh8]
[%cal Gf3e4]}) 27... Rxa2 28. Rxb7 Rb2 29. h4 $4 $132 (29. Nc6 $142 $1 {
[%csl Rb4,Re5]} b3 (29... e4 30. Rb8+ Kh7 31. Bxe4+ $18) 30. Nxe5 g5 31. Nd3
Rb1 32. Nc5 b2 33. Nd3 $18 {[%csl Rb2]}) 29... g5 $1 30. h5 (30. hxg5 hxg5 31.
Nc6 e4 32. Bg4 b3 33. Nd4 e3 34. Nxb3 Rb1 $11 {[%csl Rg2][%cal Gf6f2]}) 30...
Rf7 $4 $18 ({Right was} 30... e4 $1 31. Bg4 e3 32. Ng6+ Kg8 33. Bf3 Rf7 34.
Rb8+ Kg7 35. Ne5 Rc7 36. Nd3 Rb1 37. Rxb4 Rxb4 38. Nxb4 g4 39. Bc6 Kf8 40. Kf1
(40. Kh2 Kg7 $11 (40... Ke7 41. Bg2 Rc5 {[%csl Rh5]})) 40... Ke7 41. Ke1 Kd6
42. Kd1 Rxc6 43. Nxc6 Kxc6 44. Kc2 Kd5 45. Kd3 Ke5 46. Kxe3 Kf5 47. Kd4 Kg5 48.
Ke5 Kxh5 49. Kf6 e5 50. Kxe5 Kg5 51. e4 h5 52. Kd5 h4 53. gxh4+ Kxh4 54. e5 Kg5
55. Ke4 $11) 31. Ng6+ Kg7 32. Rb6 e4 33. Bg4 e3 34. Kh3 Rf2 ({Or} 34... Rb1 35.
Bxe6 Ra7 36. Ne5 Raa1 37. Nc4 b3 38. Nxe3 b2 39. Nf5+ Kf6 40. Kg4 $18 {[%csl
Rf6][%cal Ge6a2]}) 35. Bxe6 Rfxe2 (35... Rd2 36. Rb7+ Kf6 37. Bb3 $18 ({Not} 
37. Bc4 $4 {in view of} g4+)) 36. Bc4 ({Wins immediately} 36. Rb7+ Kf6 37. Bd5
Rh2+ 38. Kg4 Rxh5 39. Rb6+ Kg7 40. Kxh5 Rh2+ 41. Kg4 e2 42. Re6 e1=Q 43. Rxe1
Kxg6 44. Re6+ Kg7 45. Rb6 Rb2 46. Be4 $18) 36... Rh2+ 37. Kg4 Rxh5 38. Kxh5
Rh2+ 39. Kg4 e2 40. Re6 e1=Q 41. Rxe1 Kxg6 42. Re6+ Kg7 43. Re2 $2 $16 ({Wins} 
43. Rb6 $1 Rb2 ({If Black tries to get rid from the last white Pg3} 43... h5+
44. Kxg5 Rh3 45. Rb7+ Kf8 {Black K is in mate net:} 46. Kf6 Ke8 47. Be6 $18)
44. Bd3 Rb3 45. Rd6 (45. Be4 h5+ {and White loses his only P and had to play
endgame B+R vs R.}) 45... Rc3 46. Kf5 Kf7 (46... Rc5+ 47. Ke4 Rc1 48. Rb6 Rg1
49. Kf3 Rd1 50. Be4 Rd4 51. Rg6+ $18) 47. g4 Ke7 48. Re6+ Kf7 49. Rf6+ (49. Be4
Rc5+ 50. Re5 Rxe5+ 51. Kxe5 h5 $11) 49... Ke7 50. Be4 Rh3 51. Kg6 $18) 43...
Rh1 44. Re7+ Kg6 45. Re6+ Kg7 46. Rb6 Rg1 47. Kf3 h5 48. Kf2 Rb1 49. Bd3 Rb2+ (
{Worth of attention} 49... Rb3 50. Ke3 h4 51. g4 Kf7 52. Kd4 $16) 50. Ke3 g4
51. Rg6+ Kf8 52. Be2 (52. Rh6 Rh2 53. Be4 (53. Bf5 b3) 53... b3 54. Rh7 Kg8 55.
Rb7 h4 $16) 52... Rb3+ 53. Kf2 h4 (53... Rc3 54. Rg5 b3 55. Rxh5 Rc2 56. Rb5 b2
57. Ke3 $18) 54. gxh4 g3+ 55. Kg2 Re3 56. Bf3 b3 57. Rb6 Kg7 58. Kxg3 Rc3 59.
Kf4 Rc4+ 60. Be4 Ra4 61. h5 Ra2 62. h6+ Kf7 63. Bg6+ Kf8 64. Rb8+ 1-0